Mahārāshṭra kr̥shijīvana. (Record no. 57025)

MARC details
000 -LEADER
fixed length control field 00801cam a22002651 4500
001 - CONTROL NUMBER
control field sa 64001914
003 - CONTROL NUMBER IDENTIFIER
control field DLC
005 - DATE AND TIME OF LATEST TRANSACTION
control field 20260227112006.0
008 - FIXED-LENGTH DATA ELEMENTS--GENERAL INFORMATION
fixed length control field 931118s1961 ii ab s 000 0 mar
010 ## - LIBRARY OF CONGRESS CONTROL NUMBER
LC control number sa 64001914
025 ## - OVERSEAS ACQUISITION NUMBER
Overseas acquisition number PL480: I-Mar-111
035 ## - SYSTEM CONTROL NUMBER
System control number (OCoLC)29349114
040 ## - CATALOGING SOURCE
Original cataloging agency DLC
Transcribing agency WaU
Modifying agency DLC
042 ## - AUTHENTICATION CODE
Authentication code premarc
043 ## - GEOGRAPHIC AREA CODE
Geographic area code a-ii---
050 00 - LIBRARY OF CONGRESS CALL NUMBER
Classification number HD2075.M24
Item number G6
110 2# - MAIN ENTRY--CORPORATE NAME
Corporate name or jurisdiction name as entry element Gokhale Institute of Politics and Economics.
245 10 - TITLE STATEMENT
Title Mahārāshṭra kr̥shijīvana.
260 ## - PUBLICATION, DISTRIBUTION, ETC.
Date of publication, distribution, etc. 1961.
300 ## - PHYSICAL DESCRIPTION
Extent 2, 212 p.
Other physical details col. maps (1 fold.), tables.
Dimensions 29 cm.
490 1# - SERIES STATEMENT
Series statement Marāṭhī prakāśana,
Volume/sequential designation 6
500 ## - GENERAL NOTE
General note In Marathi.
650 #0 - SUBJECT ADDED ENTRY--TOPICAL TERM
Topical term or geographic name entry element Agriculture
Geographic subdivision India
-- Maharashtra
Form subdivision Statistics.
810 2# - SERIES ADDED ENTRY--CORPORATE NAME
Corporate name or jurisdiction name as entry element Gokhale Institute of Politics and Economics.
Title of a work Marāṭhī prakāśana ;
Volume/sequential designation 6.

No items available.

Powered by Koha